LEADER 02213nas 2200457 n 450 001 990008882900403321 005 20240229084550.0 011 $a0301-2697 035 $a000888290 035 $aFED01000888290 035 $a(Aleph)000888290FED01 035 $a000888290 091 $2CNR$aP 00015607 100 $a20090724b19371978km-y0itaa50------ba 101 0 $ager 102 $aDE 110 $aauu-------- 200 1 $aAbhandlungen und Verhandlungen des Naturwissenschaftlichen Vereins in Hamburg 207 1$a1937-1978 210 $aHamburg$cParey 421 0$12001$aAbhandlungen und Verhandlungen des Naturwissenschaftlichen Vereins in Hamburg. Supplement 436 0$1001000888268$12001$aAbhandlungen aus dem Gebiete der Naturwissenschaften 436 0$1001000907247$12001$aVerhandlungen des Naturwissenschaftlichen Vereins in Hamburg 446 0$12001$aAbhandlungen des Naturwissenschaftlichen Vereins in Hamburg 446 0$12001$aVerhandlungen des Naturwissenschaftlichen Vereins in Hamburg [1979] 530 0 $aAbhandlungen und Verhandlungen des Naturwissenschaftlichen Vereins in Hamburg 675 $a5 675 $a50 675 $a55/59 675 $a502 712 02$aNaturwissenschaftlicher Verein in Hamburg 801 0$aIT$bACNP$c20090723 859 4 $uhttp://acnp.cib.unibo.it/cgi-ser/start/it/cnr/dc-p1.tcl?catno=8252&person=false&language=ITALIANO&libr=&libr_th=unina1$zBiblioteche che possiedono il periodico 901 $aSE 912 $a990008882900403321 958 $aBiblioteca del Dipartimento di Entomologia e Zoologia Agraria dell'Università degli Studi di Napoli Federico II$b1937-1963;$fDAGEN 959 $aDAGEN 996 $aAbhandlungen und Verhandlungen des Naturwissenschaftlichen Vereins in Hamburg$9802146 997 $aUNINA AP1 8 $6866-01$aNA219 Biblioteca del Dipartimento di Entomologia e Zoologia Agraria dell'Università degli Studi di Napoli Federico II$eVia Università, 100, 80055 Portici (NA)$m0812539188$m0817755145$nit AP2 40$aacnp.cib.unibo.it$nACNP Italian Union Catalogue of Serials$uhttp://acnp.cib.unibo.it/cgi-ser/start/it/cnr/df-p.tcl?catno=8252&language=ITALIANO&libr=&person=&B=1&libr_th=unina&proposto=NO